movies with body parts in the title - Statistics

General Stats
  • This quiz has been taken 124 times
  • The average score is 12 of 15
Answer Stats
title starring year body part % Correct
___s Wide Shut Nicole Kidman 1999 Eye
99%
Scar____ Al Pacino 1983 Face
98%
Broke____ Mountain Heath Ledger 2005 Back
96%
Gold______ Sean Connery 1964 Finger
93%
Cool ____ Luke Paul Newman 1967 Hand
93%
Brave_____ Mel Gibson 1995 Heart
93%
A ____ful of Dollars Clint Eastwood 1964 Fist
89%
There Will Be _____ Daniel Day-Lewis 2007 Blood
81%
Indiana Jones and the Kingdom of the Crystal _____ Harrison Ford 2008 Skull
81%
Pirates of the Caribbean: Dead Man's _____ Kiera Knightley 2006 Chest
79%
Attack of the 50 ____ Woman Allison Hayes 1958 Foot
72%
Eraser____ Jack Nance 1977 Head
71%
___s Roy Scheider 1975 Jaw
52%
Under the ____ Scarlett Johansson 2013 Skin
49%
____s and All Timothée Chalamet 2022 Bone
37%
No matching quizzes found
Score Distribution
Percent of People with Each Score
Percentile by Number Answered
Your Score History
You have not taken this quiz